LEADER 01315nam a2200313 u 4500 001 000000062960 003 CaOOAMICUS 005 20070226121206.0 008 011015s1999 it u000 u ita u 035 $a10906494 040 $aPUL$bita 041 1 $aita$heng 100 1 $aFeynman, Richard Philips,$d1918-1988.$0(OLS)http://pul/name/42058 240 10$aQed : strange theory of light and matter.$lItaliano.$0(OLS)http://pul/title/83976 245 10$aQued :$bla strana teoria della luce e della materia /$cRichard P. Feynman. 250 $a5. ed. 260 $aMilano :$bAdelphi,$c1999. 300 $a195 p ;$c23 cm 490 1 $aBiblioteca scientifica ;$v12 504 $aBibliografia in nota. 650 4$aLuce.$0(OLS)http://pul/subject/23700 650 4$aEnergia elettrica.$0(OLS)http://pul/subject/23701 830 0$aBiblioteca scientifica (Adelphi) ;$v12.$0(OLS)http://pul/title/40718 850 $aPUL 852 $aPUL$W1$xDP2 Cons. Gen., Altre Classi 3$y97$m530 FEYRI 3$j177149$nBK-PRI$b $qDDC 21$B81762$CPULBib$Z2$F81762 $H85219 $81 941 1 $a10 961 $aprecedente collocazione; Fil 159 996 $6245$aQued :$bla strana teoria della luce e della materia$9(OLS)http://pul/title/83977 996 $6260$aMilano :$bAdelphi$9(OLS)http://pul/publisher/51018 LEADER 01111nam a2200265 a 4500 001 000000154243 003 CaOOAMICUS 005 20160923160631.0 008 160923n1949 xxu u000 u eng r 032 $aLibriCat 040 $aPUL$bita 100 1 $aKenneally, G. J.$0(OLS)http://pul/name/98201 245 11$a"In Christo Jesu" /$cG. J. Kenneally. 260 $aDenver :$b[s.n.],$c[s.d.] 300 $a59 p. ; $c22 cm. 502 $aPars dissertationis ad lauream in facultate S. Theologiae apud Pontificium Institutum Angelicum de Urbe. 504 $aBibliografia in nota a pič pagina. 650 04$aCristologia e filosofia.$0(OLS)http://pul/subject/42742 710 2 $aPontificio Ateneo Angelicum.$bFacoltŕ di Teologia.$kTesi.$0(OLS)http://pul/name/97565 850 $aPUL 852 $aPUL$W1$xDP1 Tesi Pon. Univ. S. Tommaso$y44$mTH S.THOM TH38$j177301$qTesi$B180271$CPULBib$Z2$F180271 $H14166 $81 941 1 $a16 996 $6245$a"In Christo Jesu"$9(OLS)http://pul/title/193830 996 $6260$aDenver :$b[s.n.]$9(OLS)http://pul/publisher/82185 LEADER 01123nam a2200277 u 4500 001 000000058068 003 CaOOAMICUS 005 20070226120642.0 008 010523s1993 it u000 u ita u 020 $a8837215231 035 $a10890175 040 $aPUL(R)$bita 100 1 $aMoretto, Giovanni,$d1939-2006.$0(OLS)http://pul/name/6281 245 10$aDestino dell'uomo e corpo mistico :$bBlondel, de Lubac e il Concilio Vaticano ii /$cGiovanni Moretto. 260 $aBrescia :$bMorcelliana,$c1993. 300 $a151 p. ;$c21 cm 500 $aContiene indice. 504 $aBibliografia in nota. 650 4$aTeologia filosofica.$0(OLS)http://pul/subject/7555 850 $aPUL 852 $aPUL$W1$xSL Religione 1$y3$m58 B 61$j75873$n $b $qStampati$B75873$CPULBib$Z2$F75873 $H $81 941 1 $a8 961 $aINV: 71290 996 $6020$a8837215231$9(OLS)http://pul/number/73517 996 $6245$aDestino dell'uomo e corpo mistico :$bBlondel, de Lubac e il Concilio Vaticano ii$9(OLS)http://pul/title/77762 996 $6260$aBrescia :$bMorcelliana$9(OLS)http://pul/publisher/47854